[Event "Arad op 12th"]
[Site "Arad"]
[Date "2019.07.26"]
[Round "4"]
[White "Sarmir, Milos"]
[Black "Veress, Armand"]
[Result "0-1"]
[WhiteElo "2098"]
[BlackElo "1827"]
[PlyCount "66"]
[EventDate "2019.07.24"]
[EventType "swiss"]
[EventRounds "9"]
[EventCountry "ROU"]
[SourceTitle "CBM 191 Extra"]
[Source "ChessBase"]
[SourceDate "2019.09.30"]
[SourceVersion "1"]
[SourceVersionDate "2019.09.30"]
[SourceQuality "1"]

1. Nf3 c5 2. c4 Nc6 3. e3 e5 4. Nc3 d6 5. Be2 Nf6 6. 0-0 Be7 7. d4 0-0 8. a3 Re8 9. d5 Nb8 10. b4 Nbd7 11. Qc2 Bf8 12. Nd2 g6 13. Bb2 h6 14. f4 cxb4 15. axb4 exf4 16. Nce4 Nxe4 17. Nxe4 Qe7 18. Rxf4 f5 19. Qc3 Qe5 20. Qb3 Qe7 21. Nxd6 Qxe3+ 22. Qxe3 Rxe3 23. Rf2 Bxd6 24. Bd4 Re4 25. Bc3 Be5 26. Rc1 Bxc3 27. Rxc3 Nb6 28. Bd3 Re1+ 29. Rf1 Rxf1+ 30. Kxf1 Bd7 31. c5 Nxd5 32. Bc4 Be6 33. Kf2 Nxc3 0-1

[Event "ROM-ch U14"]
[Site "Calimanesti Caciulata"]
[Date "2019.04.22"]
[Round "9"]
[White "Veress, Armand"]
[Black "Iloiu, Liviu Matei"]
[Result "1-0"]
[WhiteElo "1887"]
[BlackElo "1536"]
[PlyCount "95"]
[EventDate "2019.04.15"]
[EventType "swiss"]
[EventRounds "9"]
[EventCountry "ROU"]
[SourceTitle "EXT 2020"]
[Source "ChessBase"]
[SourceDate "2019.10.17"]
[SourceVersion "1"]
[SourceVersionDate "2019.10.17"]
[SourceQuality "1"]

1. e4 e6 2. d4 d5 3. Nd2 c5 4. exd5 exd5 5. Bb5+ Bd7 6. Bxd7+ Nxd7 7. Ngf3 Ngf6 8. 0-0 Be7 9. dxc5 Nxc5 10. c3 0-0 11. Nb3 Nfe4 12. Nfd4 Bf6 13. f3 Nxb3 14. axb3 Nc5 15. Be3 b6 16. b4 Bxd4 17. Bxd4 Ne6 18. Rf2 Qd7 19. Rd2 Rfd8 20. Qb3 Qc6 21. Bf2 Qc4 22. Qxc4 dxc4 23. Rxd8+ Rxd8 24. Bg3 h6 25. Rxa7 Rd4 26. Kf2 Rd2+ 27. Ke3 Rxb2 28. Rb7 Rc2 29. Be5 f6 30. Bd4 f5 31. Rxb6 Nc7 32. Rb8+ Kh7 33. Be5 Nd5+ 34. Kd4 Nxc3 35. Kxc4 Nd1+ 36. Kd5 Rxg2 37. Rb7 Ne3+ 38. Kc5 h5 39. b5 Rc2+ 40. Kd4 Nd1 41. Rxg7+ Kh6 42. b6 Rb2 43. b7 Rd2+ 44. Kc5 Rc2+ 45. Kb6 Ne3 46. b8Q Nc4+ 47. Kb5 Na3+ 48. Kb4 1-0

[Event "ROM-ch U14"]
[Site "Calimanesti Caciulata"]
[Date "2019.04.21"]
[Round "8"]
[White "Nedelcu, Teodor Cosmin"]
[Black "Veress, Armand"]
[Result "1/2-1/2"]
[WhiteElo "1928"]
[BlackElo "1887"]
[PlyCount "118"]
[EventDate "2019.04.15"]
[EventType "swiss"]
[EventRounds "9"]
[EventCountry "ROU"]
[SourceTitle "CBM 190 Extra"]
[Source "ChessBase"]
[SourceDate "2019.07.15"]
[SourceVersion "1"]
[SourceVersionDate "2019.07.15"]
[SourceQuality "1"]

1. d4 Nf6 2. c4 e6 3. Nc3 Bb4 4. e3 c5 5. Nge2 cxd4 6. exd4 d5 7. a3 Be7 8. Ng3 0-0 9. Be3 Nbd7 10. cxd5 Nxd5 11. Nxd5 exd5 12. Bd3 Re8 13. 0-0 Nf6 14. Nf5 Bf8 15. Bg5 Qb6 16. Ne3 Ne4 17. Qa4 Be6 18. Bxe4 dxe4 19. d5 f6 20. dxe6 fxg5 21. Qxe4 Rxe6 22. Qg4 Bc5 23. Nd5 Qc6 24. Rad1 h6 25. b4 Bb6 26. b5 Qe8 27. h3 Rd8 28. Nxb6 Rxb6 29. Rxd8 Qxd8 30. Rd1 Qf6 31. Qc8+ Kh7 32. Qc2+ Qg6 33. Qc5 Qe4 34. f3 Qg6 35. a4 a6 36. Kh2 axb5 37. axb5 Rf6 38. Rd7 b6 39. Qc7 Re6 40. Qc3 Rd6 41. Rc7 Qf6 42. Qc2+ Qg6 43. Qe4 Re6 44. Qd4 Qf6 45. Qxf6 Rxf6 46. Rb7 Kg6 47. g4 Rd6 48. Kg3 Kf6 49. f4 Rd3+ 50. Kg2 gxf4 51. Rxb6+ Kg5 52. Rb7 g6 53. Rb6 Rb3 54. Rb8 Kh4 55. Rb6 Kg5 56. h4+ Kxh4 57. Rxg6 Rxb5 58. Kf3 h5 59. gxh5 Kxh5 1/2-1/2

[Event "ROM-ch U14"]
[Site "Calimanesti Caciulata"]
[Date "2019.04.19"]
[Round "6"]
[White "Pirvu, Christian"]
[Black "Veress, Armand"]
[Result "1-0"]
[WhiteElo "1716"]
[BlackElo "1887"]
[PlyCount "41"]
[EventDate "2019.04.15"]
[EventType "swiss"]
[EventRounds "9"]
[EventCountry "ROU"]
[SourceTitle "CBM 190 Extra"]
[Source "ChessBase"]
[SourceDate "2019.07.15"]
[SourceVersion "1"]
[SourceVersionDate "2019.07.15"]
[SourceQuality "1"]

1. e4 c5 2. Nf3 Nc6 3. d4 cxd4 4. Nxd4 g6 5. Nc3 Bg7 6. Be3 Nf6 7. f3 0-0 8. Qd2 d5 9. exd5 Nxd5 10. Nxd5 Qxd5 11. Nxc6 Qxc6 12. 0-0-0 Be6 13. Kb1 Qa4 14. a3 Rfc8 15. Bd3 Rc3 16. Qc1 Rac8 17. bxc3 Rxc3 18. Bc4 Qxc4 19. Rd8+ Bf8 20. Qb2 Rxe3 21. Rxf8+ 1-0

[Event "ROM-ch U14"]
[Site "Calimanesti Caciulata"]
[Date "2019.04.17"]
[Round "3"]
[White "Veress, Armand"]
[Black "Buca, Dragos Stefan"]
[Result "1/2-1/2"]
[WhiteElo "1887"]
[BlackElo "1368"]
[PlyCount "100"]
[EventDate "2019.04.15"]
[EventType "swiss"]
[EventRounds "9"]
[EventCountry "ROU"]
[SourceTitle "CBM 190 Extra"]
[Source "ChessBase"]
[SourceDate "2019.07.15"]
[SourceVersion "1"]
[SourceVersionDate "2019.07.15"]
[SourceQuality "1"]

1. e4 d5 2. exd5 Qxd5 3. Nf3 Bg4 4. Be2 Nc6 5. d4 0-0-0 6. c4 Qa5+ 7. Bd2 Qf5 8. Be3 e5 9. d5 Nb4 10. 0-0 Qc2 11. Nbd2 f6 12. a3 Qxd1 13. Bxd1 Na6 14. b4 b6 15. h3 Bh5 16. Bc2 Bg6 17. Ba4 Ne7 18. Rac1 Nf5 19. Rfd1 Nxe3 20. fxe3 Be7 21. e4 Nb8 22. Re1 Nd7 23. Nh4 Bf7 24. Nf5 Bf8 25. Nb3 g6 26. Ne3 Be8 27. c5 Nb8 28. Bxe8 Rxe8 29. Ng4 f5 30. exf5 gxf5 31. Rxe5 Bxc5+ 32. bxc5 fxg4 33. hxg4 Kd8 34. Rce1 Nd7 35. Rxe8+ Rxe8 36. Rxe8+ Kxe8 37. cxb6 axb6 38. g5 Ne5 39. Nd4 Nf7 40. Ne6 Ke7 41. Nxc7 Kd6 42. Ne8+ Kc5 43. Kf2 Nxg5 44. Nf6 b5 45. Ke3 Nf7 46. Nxh7 Kxd5 47. Nf6+ Kc4 48. g4 Kb3 49. Ne4 Kc4 50. g5 Nxg5 1/2-1/2

[Event "ROM-ch U14"]
[Site "Calimanesti Caciulata"]
[Date "2019.04.15"]
[Round "1"]
[White "Veress, Armand"]
[Black "Baciu, Mihnea Iustin"]
[Result "1-0"]
[WhiteElo "1887"]
[BlackElo "1404"]
[PlyCount "47"]
[EventDate "2019.04.15"]
[EventType "swiss"]
[EventRounds "9"]
[EventCountry "ROU"]
[SourceTitle "CBM 190 Extra"]
[Source "ChessBase"]
[SourceDate "2019.07.15"]
[SourceVersion "1"]
[SourceVersionDate "2019.07.15"]
[SourceQuality "1"]

1. e4 c5 2. Nf3 g6 3. c3 Bg7 4. d4 cxd4 5. cxd4 d5 6. e5 Nc6 7. Bb5 Nh6 8. h3 0-0 9. Nc3 e6 10. 0-0 Nf5 11. Bxc6 bxc6 12. Na4 Rb8 13. Nc5 Qb6 14. Re1 Rd8 15. Bg5 Re8 16. g4 Ne7 17. b3 Qc7 18. Qd2 Kh8 19. Bf6 Bxf6 20. exf6 Ng8 21. g5 e5 22. Nxe5 Bxh3 23. Na6 Qc8 24. Nxf7# 1-0

[Event "Alba Iulia Romania 100 op"]
[Site "Alba Iulia"]
[Date "2018.11.12"]
[Round "1"]
[White "Tilicheev, Viacheslav"]
[Black "Veress, Armand"]
[Result "1-0"]
[WhiteElo "2509"]
[BlackElo "1799"]
[PlyCount "53"]
[EventDate "2018.11.12"]
[EventType "swiss"]
[EventRounds "9"]
[EventCountry "ROU"]
[SourceTitle "CBM 187 Extra"]
[Source "ChessBase"]
[SourceDate "2018.11.04"]
[SourceVersion "1"]
[SourceVersionDate "2018.11.04"]
[SourceQuality "1"]

1. e4 d5 2. exd5 Qxd5 3. Nc3 Qd6 4. d4 c6 5. Nf3 Bg4 6. h3 Bh5 7. g4 Bg6 8. Ne5 Nf6 9. h4 h5 10. Nxg6 fxg6 11. g5 Nd5 12. Ne4 Qc7 13. c4 Nb6 14. Bh3 e5 15. 0-0 N8d7 16. Qf3 Be7 17. d5 cxd5 18. cxd5 Nxd5 19. Rd1 N7b6 20. Be6 Rf8 21. Qb3 Nb4 22. Be3 Qc6 23. Bxb6 Qxb6 24. Qa4+ Nc6 25. Bd7+ Kd8 26. Bxc6+ Kc7 27. Rd7+ 1-0

[Event "ROM-ch U12"]
[Site "Calimanesti"]
[Date "2018.04.02"]
[Round "8"]
[White "Mihai, Florin"]
[Black "Veress, Armand"]
[Result "0-1"]
[WhiteElo "1583"]
[BlackElo "1651"]
[PlyCount "106"]
[EventDate "2018.03.27"]
[EventType "swiss"]
[EventRounds "9"]
[EventCountry "ROU"]
[SourceTitle "CBM 183 Extra"]
[Source "ChessBase"]
[SourceDate "2018.04.19"]
[SourceVersion "1"]
[SourceVersionDate "2018.04.19"]
[SourceQuality "1"]

1. d4 d5 2. c4 e6 3. cxd5 exd5 4. Nc3 c5 5. Nf3 Nc6 6. e3 c4 7. Be2 Bb4 8. 0-0 Nf6 9. Qc2 0-0 10. Bd2 Bxc3 11. Bxc3 b5 12. a3 Ne4 13. Nd2 Bf5 14. Nxe4 Bxe4 15. Qd2 a5 16. Bf3 Bd3 17. Be2 Bg6 18. Bf3 Qd6 19. Qd1 b4 20. axb4 axb4 21. Bd2 Bd3 22. Re1 Na5 23. Qa4 Rfb8 24. e4 h6 25. exd5 Nb3 26. Qxa8 Rxa8 27. Rxa8+ Kh7 28. Be3 c3 29. bxc3 bxc3 30. Be2 Be4 31. Bc4 Nd2 32. Bxd2 cxd2 33. Rd1 Qb4 34. Be2 Bc2 35. Rf1 Qxd4 36. Raa1 Qxd5 37. Bf3 Qe6 38. h3 f5 39. Ra8 Bd3 40. Raa1 Bxf1 41. Rxf1 g5 42. g4 f4 43. Kg2 Qe1 44. Rg1 Kg6 45. Rf1 Kf6 46. Bd1 Ke5 47. Bf3 Kd4 48. Rh1 Kc3 49. h4 Kc2 50. hxg5 hxg5 51. Rh5 d1Q 52. Bxd1+ Kxd1 53. Rxg5 Ke2 0-1